| 000 | 00667nam a2200241 i 4500 | ||
|---|---|---|---|
| 001 | 5832 | ||
| 003 | ES-MaACL | ||
| 005 | 20230906144712.0 | ||
| 007 | t| | ||
| 008 | 890531s1988 sp ||||1| spa d | ||
| 020 | _a84-86747-13-9 | ||
| 080 | _a86-14"19" | ||
| 080 | _a86(Fuentes-Guio, P.7 A.01) | ||
| 100 | 1 |
_aFuentes-Guio, Pedro. _952926 |
|
| 245 | 1 | 0 |
_aAl sur del Olimpo / _cPedro Fuentes-Guio. |
| 250 | _a1a ed. | ||
| 260 |
_aBarcelona : _bSeuba, _c1988. |
||
| 300 |
_a88 p. ; _c20 cm. |
||
| 490 | 1 |
_aEl juglar y la luna ; _v12 |
|
| 830 | 0 |
_aEl juglar y la luna ; _v12 _9177351 |
|
| 852 |
_aES-MaACL _jL-12966 _bR.116497 _z. - rust. |
||
| 999 |
_c5832 _d5832 |
||